Normal view
MARC view
Entry Nombre personal
001 - NÚMERO DE CONTROL
- campo de control: 185569
003 - IDENTIFICADOR DEL NÚMERO DE CONTROL
- campo de control: OSt
005 - FECHA Y HORA DE LA ÚLTIMA TRANSACCIÓN
- campo de control: 20221027103535.0
008 - DATOS DE LONGITUD FIJA
- campo de control de longitud fija: 221027|| aca||aabn | a|a d
040 ## - FUENTE DE LA CATALOGACIÓN
- Centro catalogador/agencia de origen: CHAP
100 1# - ENCABEZAMIENTO-NOMBRE DE PERSONA
- Nombre de persona: Huerta Bravo, Maximino
370 ## - LUGAR ASOCIADO
- País asociado: México
371 ## - DIRECCIÓN
- Ciudad: Texcoco
- Jurisdicción secundaria/intermedia: Estado de México
- País: México
374 ## - OCUPACIÓN
- Ocupación: Profesor
375 ## - GÉNERO/SEXO
- Género/Sexo: Masculino
385 ## - CARACTERÍSTICAS DEL PÚBLICO
- Término para el público: Especializado
